Mechanics of laminated composite plates and shells : (Record no. 566432)

000 -LEADER
fixed length control field 01327cam a22003254a 4500
001 - CONTROL NUMBER
control field 13293980
003 - CONTROL NUMBER IDENTIFIER
control field CEME
005 - DATE AND TIME OF LATEST TRANSACTION
control field 20210628201530.0
008 - FIXED-LENGTH DATA ELEMENTS--GENERAL INFORMATION
fixed length control field 030729s2004 flua b 001 0 eng
010 ## - LIBRARY OF CONGRESS CONTROL NUMBER
LC control number 2003061067
020 ## - INTERNATIONAL STANDARD BOOK NUMBER
International Standard Book Number 0849315921 (alk. paper)
040 ## - CATALOGING SOURCE
Original cataloging agency DLC
Transcribing agency DLC
Modifying agency DLC
042 ## - AUTHENTICATION CODE
Authentication code pcc
050 00 - LIBRARY OF CONGRESS CALL NUMBER
Classification number TA660.P6
Item number R42 2004
082 00 - DEWEY DECIMAL CLASSIFICATION NUMBER
Classification number 624.1/7765
Edition number 22
100 1# - MAIN ENTRY--PERSONAL NAME
Personal name Reddy, J. N.
Fuller form of name (Junuthula Narasimha),
Dates associated with a name 1945-
9 (RLIN) 26732
245 10 - TITLE STATEMENT
Title Mechanics of laminated composite plates and shells :
Remainder of title theory and analysis /
Statement of responsibility, etc. J.N. Reddy.
250 ## - EDITION STATEMENT
Edition statement 2nd ed.
260 ## - PUBLICATION, DISTRIBUTION, ETC.
Place of publication, distribution, etc. Boca Raton :
Name of publisher, distributor, etc. CRC Press,
Date of publication, distribution, etc. c2004.
300 ## - PHYSICAL DESCRIPTION
Extent xxiii, 831 p. :
Other physical details ill. ;
Dimensions 26 cm.
500 ## - GENERAL NOTE
General note Rev. ed. of: Mechanics of laminated composite plates. c1997.
504 ## - BIBLIOGRAPHY, ETC. NOTE
Bibliography, etc. note Includes bibliographical references and index.
650 #0 - SUBJECT ADDED ENTRY--TOPICAL TERM
Topical term or geographic name entry element Plates (Engineering)
General subdivision Mathematical models.
9 (RLIN) 55683
650 #0 - SUBJECT ADDED ENTRY--TOPICAL TERM
Topical term or geographic name entry element Shells (Engineering)
General subdivision Mathematical models.
9 (RLIN) 55684
650 #0 - SUBJECT ADDED ENTRY--TOPICAL TERM
Topical term or geographic name entry element Laminated materials
General subdivision Mechanical properties
-- Mathematical models.
9 (RLIN) 55685
650 #0 - SUBJECT ADDED ENTRY--TOPICAL TERM
Topical term or geographic name entry element Composite materials
General subdivision Mechanical properties
-- Mathematical models.
9 (RLIN) 55686
700 1# - ADDED ENTRY--PERSONAL NAME
Fuller form of name (Junuthula Narasimha),
Dates associated with a name 1945-.
Title of a work Mechanics of laminated composite plates.
9 (RLIN) 55687
856 42 - ELECTRONIC LOCATION AND ACCESS
Materials specified Publisher description
Uniform Resource Identifier <a href="http://www.loc.gov/catdir/enhancements/fy0646/2003061067-d.html">http://www.loc.gov/catdir/enhancements/fy0646/2003061067-d.html</a>
942 ## - ADDED ENTRY ELEMENTS (KOHA)
Source of classification or shelving scheme
Koha item type Book
Holdings
Withdrawn status Lost status Source of classification or shelving scheme Damaged status Not for loan Permanent Location Current Location Shelving location Date acquired Total Checkouts Full call number Barcode Date last seen Price effective from Koha item type
          College of Electrical & Mechanical Engineering (CEME) College of Electrical & Mechanical Engineering (CEME) General Stacks 03/13/2017   624.17765 RED CEME-47408 06/28/2021 06/28/2021 Book
          College of Electrical & Mechanical Engineering (CEME) College of Electrical & Mechanical Engineering (CEME) General Stacks 03/13/2017   624.17765 RED CEME-47409 06/28/2021 06/28/2021 Book
          College of Electrical & Mechanical Engineering (CEME) College of Electrical & Mechanical Engineering (CEME) General Stacks 03/13/2017   624.17765 RED CEME-47410 06/28/2021 06/28/2021 Book
© 2023 Central Library, National University of Sciences and Technology. All Rights Reserved.